Najlepsi piłkarze i ich kluby. - Statystyki

Ogólne statystyki
  • Ten quiz został rozwiązany 2 933 razy
  • Średni wynik to 10 z 11
Statystyki odpowiedzi
Piłkarz Klub % Poprawnych
3.Lionel Messi FC Barcelona
99%
1. Robert Lewandowski Bayern Monachium
97%
6.Karim Benzema Real Madryt
97%
4.Neymar Paris Saint-Germain
96%
2.Kevin De Bruyne Manchester City
94%
7.Mohamed Salah FC Liverpool
93%
5.Cristiano Ronaldo Juventus Turyn
91%
11.Marco Reus Borussia Dortmund
84%
10.Paul Pogba Manchester United
82%
8.João Félix Atletico Madryt
76%
9.Timo Werner Chelsea
71%
Nie znaleziono quizów pasujących do podanych kryteriów
Rozkład punktacji
Procent ludzi z każdym wynikiem
Percentyl według liczby udzielonych odpowiedzi
Twoja historia wyników
Nie rozwiązałeś tego quizu